Normal view
MARC view
- ENGLISH GRAMMER AND COMPOSITION
Entry Topical Term
001 - CONTROL NUMBER
- control field: 58982
003 - CONTROL NUMBER IDENTIFIER
- control field: NUST
005 - DATE AND TIME OF LATEST TRANSACTION
- control field: 20210628202238.0
008 - FIXED-LENGTH DATA ELEMENTS
- fixed length control field: 210628|| aca||aabn | a|a d
040 ## - CATALOGING SOURCE
- Original cataloging agency: NUST
- Transcribing agency: NUST
150 ## - HEADING--TOPICAL TERM
- Topical term or geographic name entry element: ENGLISH GRAMMER AND COMPOSITION
670 ## - SOURCE DATA FOUND
- Source citation: Work cat.: (NUST): Wren, P.C Martin, H 58981, High school english grammer and composition, 2002
